[Event "Kostroma Volga Cup"]
[Site "Kostroma"]
[Date "2008.07.09"]
[Round "9"]
[White "Cherenkov, Andrey"]
[Black "Simonov, Vladimir"]
[Result "1-0"]
[WhiteElo "2232"]
[BlackElo "2301"]
[PlyCount "139"]
[EventDate "2008.07.02"]
[EventType "tourn"]
[EventRounds "11"]
[EventCountry "RUS"]
[EventCategory "2"]
[SourceTitle "CBM 125 Extra"]
[Source "ChessBase"]
[SourceDate "2008.09.01"]
[SourceVersion "1"]
[SourceVersionDate "2008.09.01"]
[SourceQuality "1"]

1. e4 c5 2. Nc3 Nc6 3. g3 g6 4. Bg2 Bg7 5. d3 d6 6. Be3 e5 7. Nh3 Nge7 8. 0-0 0-0 9. f4 exf4 10. Nxf4 Kh8 11. Qd2 Ne5 12. h3 Rb8 13. Nfd5 Nxd5 14. Nxd5 Be6 15. Nf4 Bd7 16. Rf2 b5 17. Raf1 Bc6 18. b3 Qe7 19. Ne2 b4 20. c4 bxc3 21. Nxc3 Qb7 22. Bg5 Qb4 23. Bf6 Bxf6 24. Rxf6 Qd4+ 25. Kh2 Rbd8 26. Ne2 Qxd3 27. Qxd3 Nxd3 28. Rxf7 Rxf7 29. Rxf7 Rd7 30. Rf8+ Kg7 31. Rc8 Bb7 32. Rb8 Kf7 33. Nc3 Bc6 34. g4 Kf6 35. Bf1 Nb4 36. Kg3 Ke5 37. Bc4 Kd4 38. Ne2+ Ke3 39. Nc3 Kd2 40. Nd5 Bxd5 41. exd5 Nxa2 42. Kf4 Nc3 43. Re8 a5 44. Kg5 a4 45. bxa4 Nxa4 46. Kf6 Nb2 47. Ke6 Rb7 48. Kxd6 Nxc4+ 49. Kc6 Ra7 50. Kxc5 Rc7+ 51. Kd4 Nd6 52. Re6 Nf7 53. h4 Ra7 54. Ke4 Kc3 55. Rc6+ Kd2 56. h5 Re7+ 57. Kf4 gxh5 58. gxh5 Kd3 59. Kf5 Kd4 60. Kf6 Ra7 61. d6 Nd8 62. Rc7 Ra6 63. Ke7 Kd5 64. d7 Ne6 65. Rc1 Ra8 66. h6 Nd8 67. Rc8 Nc6+ 68. Ke8 Ra1 69. Rxc6 Re1+ 70. Kf7 1-0

[Event "Kostroma Volga Cup"]
[Site "Kostroma"]
[Date "2008.07.04"]
[Round "3"]
[White "Shkuran, Danylo"]
[Black "Simonov, Vladimir"]
[Result "1-0"]
[WhiteElo "2432"]
[BlackElo "2301"]
[PlyCount "79"]
[EventDate "2008.07.02"]
[EventType "tourn"]
[EventRounds "11"]
[EventCountry "RUS"]
[EventCategory "2"]
[SourceTitle "CBM 125 Extra"]
[Source "ChessBase"]
[SourceDate "2008.09.01"]
[SourceVersion "1"]
[SourceVersionDate "2008.09.01"]
[SourceQuality "1"]

1. e4 c5 2. Nf3 g6 3. d4 cxd4 4. Nxd4 Bg7 5. Nc3 Nc6 6. Nde2 Nf6 7. g3 b5 8. Bg2 Rb8 9. 0-0 0-0 10. Nd5 Nxd5 11. exd5 Ne5 12. c3 a5 13. Bf4 Ba6 14. Re1 Rc8 15. b3 b4 16. c4 Ng4 17. Nd4 Qb6 18. Qxg4 Bxd4 19. Be3 Bxe3 20. Rxe3 e6 21. Rd1 Bb7 22. Qf4 Rc5 23. Qf6 Qc7 24. h4 exd5 25. cxd5 Rc1 26. Rxc1 Qxc1+ 27. Kh2 Qd1 28. Re7 Bc8 29. Re5 Qc2 30. h5 d6 31. Qxd6 Qxf2 32. h6 Qd4 33. Re4 Qd2 34. Qf4 Qb2 35. Qc7 g5 36. Rc4 Bf5 37. Qe7 Bd3 38. Rg4 Rc8 39. Rxg5+ Bg6 40. d6 1-0

[Event "Kostroma Volga Cup"]
[Site "Kostroma"]
[Date "2008.07.03"]
[Round "2"]
[White "Simonov, Vladimir"]
[Black "Petrov, Evgeniy"]
[Result "1/2-1/2"]
[WhiteElo "2301"]
[BlackElo "2238"]
[PlyCount "101"]
[EventDate "2008.07.02"]
[EventType "tourn"]
[EventRounds "11"]
[EventCountry "RUS"]
[EventCategory "2"]
[SourceTitle "CBM 125 Extra"]
[Source "ChessBase"]
[SourceDate "2008.09.01"]
[SourceVersion "1"]
[SourceVersionDate "2008.09.01"]
[SourceQuality "1"]

1. d4 Nf6 2. c4 e6 3. Nc3 Bb4 4. Qc2 c5 5. dxc5 Bxc5 6. Nf3 0-0 7. Bg5 Be7 8. e4 b6 9. e5 Ne8 10. Bxe7 Qxe7 11. Qe4 Nc6 12. Bd3 f5 13. exf6 Nxf6 14. Qh4 Bb7 15. 0-0 Rae8 16. Rad1 g6 17. Rfe1 Nh5 18. Qxe7 Rxe7 19. Bf1 Nf4 20. g3 Nh5 21. Bg2 Nd8 22. Ne5 Nf6 23. Nb5 Bxg2 24. Kxg2 Nf7 25. Nxf7 Rexf7 26. Nd6 Re7 27. Re3 Ng4 28. Re2 Nh6 29. f4 Nf5 30. Nxf5 gxf5 31. Red2 Rd8 32. a4 Kf7 33. b3 Ke8 34. Kf3 Rc8 35. Rd6 Rc7 36. Ke3 Rg7 37. Kd4 h5 38. Kc3 h4 39. R1d3 Ke7 40. Kb4 hxg3 41. hxg3 Rxg3 42. Rxd7+ Rxd7 43. Rxg3 Kf6 44. a5 e5 45. axb6 axb6 46. Kb5 exf4 47. Rf3 Rd6 48. Rxf4 Kg5 49. Rf1 f4 50. b4 Kg4 51. c5 1/2-1/2

[Event "Rybinsk Yaroslavia op"]
[Site "Rybinsk"]
[Date "2008.06.17"]
[Round "5.2"]
[White "Kolmakov, Pavel"]
[Black "Simonov, Vladimir"]
[Result "1-0"]
[WhiteElo "2267"]
[BlackElo "2301"]
[PlyCount "95"]
[EventDate "2008.06.15"]
[EventType "swiss"]
[EventRounds "9"]
[EventCountry "RUS"]
[SourceTitle "EXT 2022"]
[Source "ChessBase"]
[SourceDate "2021.10.06"]
[SourceVersion "1"]
[SourceVersionDate "2021.10.06"]
[SourceQuality "1"]

1. e4 c5 2. Nf3 g6 3. c3 Bg7 4. d4 cxd4 5. cxd4 d5 6. exd5 Nf6 7. Bb5+ Nbd7 8. d6 0-0 9. 0-0 exd6 10. Nc3 Nb6 11. h3 Be6 12. Ng5 Bd5 13. Nxd5 Nbxd5 14. Bc4 Qc7 15. Qb3 Nb6 16. Bd3 h6 17. Nf3 Nbd5 18. Bd2 Qb6 19. Qxb6 axb6 20. a3 Rfc8 21. Rac1 Rc6 22. Bb5 Rcc8 23. Rfe1 Rc7 24. a4 Rac8 25. Bd3 Kf8 26. Rxc7 Rxc7 27. b3 Re7 28. Kf1 Rxe1+ 29. Kxe1 Ke7 30. g3 Nc7 31. Bc3 Nfd5 32. Bb2 Kd7 33. Bc4 Kc6 34. Ba3 Bf6 35. Kd2 Be7 36. Be2 b5 37. Kc2 Kb6 38. Nd2 Kc6 39. Ne4 bxa4 40. bxa4 b6 41. Nc3 Nxc3 42. Kxc3 Bf6 43. Bb2 h5 44. f4 h4 45. gxh4 Nd5+ 46. Kc4 Ne3+ 47. Kd3 Ng2 48. Bf3+ 1-0

[Event "Rybinsk Yaroslavia op"]
[Site "Rybinsk"]
[Date "2008.06.17"]
[Round "4.1"]
[White "Simonov, Vladimir"]
[Black "Toivonen, Alexander"]
[Result "1/2-1/2"]
[WhiteElo "2301"]
[BlackElo "2249"]
[PlyCount "54"]
[EventDate "2008.06.15"]
[EventType "swiss"]
[EventRounds "9"]
[EventCountry "RUS"]
[SourceTitle "EXT 2022"]
[Source "ChessBase"]
[SourceDate "2021.10.06"]
[SourceVersion "1"]
[SourceVersionDate "2021.10.06"]
[SourceQuality "1"]

1. d4 d5 2. c4 c6 3. Nc3 Nf6 4. Nf3 e6 5. e3 Nbd7 6. Qc2 Bd6 7. e4 dxe4 8. Nxe4 Nxe4 9. Qxe4 Nf6 10. Qh4 Bb4+ 11. Bd2 Bxd2+ 12. Nxd2 g5 13. Qxg5 Qxd4 14. 0-0-0 Rg8 15. Nf3 Qxd1+ 16. Kxd1 Rxg5 17. Nxg5 h6 18. Nf3 c5 19. Be2 b6 20. Ne5 Bb7 21. Bf3 Bxf3+ 22. Nxf3 Rd8+ 23. Ke2 Ne4 24. Rc1 Ke7 25. Rc2 f6 26. Nh4 Rd4 27. Nf3 Rd8 1/2-1/2

[Event "Rybinsk Yaroslavia op"]
[Site "Rybinsk"]
[Date "2008.06.15"]
[Round "1.2"]
[White "Bochkov, Artem"]
[Black "Simonov, Vladimir"]
[Result "0-1"]
[WhiteElo "2002"]
[BlackElo "2301"]
[PlyCount "58"]
[EventDate "2008.06.15"]
[EventType "swiss"]
[EventRounds "9"]
[EventCountry "RUS"]
[SourceTitle "EXT 2022"]
[Source "ChessBase"]
[SourceDate "2021.10.06"]
[SourceVersion "1"]
[SourceVersionDate "2021.10.06"]
[SourceQuality "1"]

1. e4 c5 2. Nf3 g6 3. Nc3 Bg7 4. d4 cxd4 5. Nxd4 Nc6 6. Be3 Nf6 7. Bc4 0-0 8. f3 Qb6 9. Qd2 Nxe4 10. Nxe4 Bxd4 11. Bh6 Qxb2 12. Rd1 Bg7 13. Bxg7 Kxg7 14. Nc3 Qb4 15. Bd3 d6 16. h4 h5 17. a3 Qd4 18. Ne2 Qe5 19. g4 hxg4 20. f4 Qd5 21. Qc3+ f6 22. Rh2 Qf3 23. Rf2 Qe3 24. Rg2 Rh8 25. Rg3 Qc5 26. Qb2 Rxh4 27. Kd2 Rh2 28. Kc1 Rxe2 29. Bxe2 Qf2 0-1

[Event "Rybinsk op"]
[Site "Rybinsk"]
[Date "2007.07.08"]
[Round "9"]
[White "Koba, Igor"]
[Black "Simonov, Vladimir"]
[Result "1/2-1/2"]
[WhiteElo "2225"]
[BlackElo "2297"]
[PlyCount "25"]
[EventDate "2007.06.25"]
[EventType "swiss"]
[EventRounds "9"]
[EventCountry "RUS"]
[SourceTitle "EXT 2022"]
[Source "ChessBase"]
[SourceDate "2021.10.06"]
[SourceVersion "1"]
[SourceVersionDate "2021.10.06"]
[SourceQuality "1"]

1. e4 c5 2. Nf3 g6 3. d4 cxd4 4. Qxd4 Nf6 5. e5 Nc6 6. Qa4 Nd5 7. Qe4 Nc7 8. Bc4 b5 9. Bb3 Bg7 10. Nc3 Bb7 11. Qf4 0-0 12. a4 Ne6 13. Qe3 1/2-1/2